[Event "113th YMCA Autumn C"]
[Site "Warszawa"]
[Date "2012.10.09"]
[Round "4"]
[White "Rodak, Przemyslaw"]
[Black "Kokoszczynski, Jan"]
[Result "1-0"]
[WhiteElo "1614"]
[BlackElo "1584"]
[Annotator "Admin"]
[PlyCount "183"]
[EventDate "2012.09.18"]
[EventType "tourn"]
[EventRounds "1"]
[EventCountry "POL"]
[SourceDate "2012.09.18"]

1. d4 f5 2. c4 g6 3. Nf3 Bg7 4. Nc3 d6 5. Bg5 Nf6 6. e3 c6 7. Bd3 O-O 8. O-O
Qe8 9. h3 e5 10. dxe5 dxe5 11. e4 f4 12. Bxf6 Bxf6 13. Qb3 Kg7 14. Rfd1 Na6 15.
Be2 Qe7 16. Nh2 h5 17. Rd2 Nc5 18. Qc2 Be6 19. Rad1 Rad8 20. Na4 Na6 21. a3
Rxd2 22. Rxd2 Rd8 23. Nf3 Rd7 24. b4 Qd8 25. Rxd7+ Qxd7 26. c5 Nb8 27. Nb2 g5
28. Bc4 g4 29. hxg4 hxg4 30. Bxe6 Qxe6 31. Nh2 Bh4 $11 32. Qe2 Bxf2+ 33. Kxf2
g3+ 34. Kg1 gxh2+ 35. Kxh2 Qh6+ 36. Kg1 Qh4 37. Nc4 Qg5 38. Qd1 Kh7 39. Qf3 Kg6
40. Qh3 Kg7 41. Nd6 b6 42. Qe6 f3 43. Qf7+ Kh8 44. Qxf3 Qc1+ 45. Kh2 Qh6+ 46.
Kg3 Qg5+ 47. Kh3 Qh6+ 48. Kg4 Qg7+ 49. Kf5 bxc5 50. bxc5 Qh7+ 51. Kxe5 Nd7+ 52.
Kd4 Qg7+ 53. Ke3 Qg5+ 54. Ke2 Ne5 55. Qh3+ Kg7 56. Nf5+ Kg8 57. Qg3 Qxg3 58.
Nxg3 Nd7 59. Nf5 Kf8 60. Nd4 Nxc5 61. Nxc6 Nxe4 62. Nxa7 Ke8 63. Ke3 Ng3 64. a4
Kd7 65. Nb5 Kc6 66. Kf3 Nf5 67. g4 Nh4+ 68. Ke4 Kc5 69. Nc3 Kb4 70. g5 Ng6 71.
Kf5 Nh4+ 72. Kf6 Ka5 73. g6 Nxg6 74. Kxg6 Kb6 75. Kf6 Kc6 76. Ke6 Kb7 77. Kd6
Ka6 78. Kc5 Ka5 79. Kc4 Kb6 80. Kb4 Ka6 81. a5 Ka7 82. Kb5 Kb7 83. a6+ Ka7 84.
Nd5 Kb8 85. Kb6 Kc8 86. a7 Kd7 87. a8=Q Ke6 88. Kc5 Ke5 89. Qe8+ Kf5 90. Kd4
Kg4 91. Ke3 Kg3 92. Qg6+ 1-0

[Event "113th YMCA Autumn C"]
[Site "Warszawa"]
[Date "2012.10.29"]
[Round "5"]
[White "Bartczak, Hanna"]
[Black "Rodak, Przemyslaw"]
[Result "0-1"]
[WhiteElo "1562"]
[BlackElo "1614"]
[PlyCount "78"]
[EventDate "2012.09.18"]
[EventType "tourn"]
[EventRounds "1"]
[EventCountry "POL"]
[SourceDate "2012.09.18"]

1. d4 d5 2. c4 c6 3. e3 Nf6 4. Nc3 Bf5 5. Nf3 e6 6. Bd3 Bg4 7. O-O dxc4 8. Bxc4
Be7 9. Re1 O-O 10. e4 Bxf3 11. gxf3 Nbd7 12. Bf4 Nh5 13. Bg3 Nxg3 14. fxg3 Qb6
15. Na4 Qb4 16. Bb3 Rfd8 17. a3 Qa5 18. Qc2 Nb6 19. Nc5 Rab8 20. Rad1 Rxd4 21.
Nd3 Rbd8 22. Nf2 Rd2 23. Rxd2 Rxd2 24. Qc1 Rxb2 25. Qxb2 Qxe1+ 26. Kg2 Bc5 27.
a4 Qxf2+ 28. Qxf2 Bxf2 29. Kxf2 Kf8 30. Ke3 Ke7 31. Kd4 Nd7 32. e5 f6 33. exf6+
gxf6 34. f4 Kd6 35. g4 h6 36. h4 e5+ 37. fxe5+ Nxe5 38. Bd1 Ng6 39. h5 Ne7 0-1

[Event "113th YMCA Autumn C"]
[Site "Warszawa"]
[Date "2012.10.16"]
[Round "5"]
[White "Budrewicz, Henryk"]
[Black "Sokur, Ivan"]
[Result "0-1"]
[WhiteElo "1619"]
[BlackElo "1593"]
[PlyCount "112"]
[EventDate "2012.09.18"]
[EventType "tourn"]
[EventRounds "1"]
[EventCountry "POL"]
[SourceDate "2012.09.18"]

1. d4 c5 2. e3 e6 3. b3 Nf6 4. Nf3 b6 5. Nbd2 Bb7 6. Bd3 Nc6 7. Bb2 Rc8 8. c4
cxd4 9. exd4 Nb4 10. Bb1 d5 11. a3 Na6 12. O-O Bd6 13. Re1 Nb8 14. Ne5 Nbd7 15.
f4 g6 16. Qe2 Bxe5 17. fxe5 Nh5 18. Qg4 O-O 19. Rf1 Re8 20. Bd3 f5 21. exf6
Ndxf6 22. Qh3 Qc7 23. Qh4 Qe7 24. g4 dxc4 25. bxc4 e5 26. gxh5 e4 27. Be2 e3
28. Nb3 Qe4 29. Qxe4 Nxe4 30. hxg6 Re6 31. Rf4 Rxg6+ 32. Rg4 Rcc6 33. h3 h5 34.
Rxg6+ Rxg6+ 35. Kh2 Ng3 36. Bxh5 Nf1+ 37. Rxf1 Rg2+ 38. Kh1 Rf2+ 39. d5 Rxf1+
40. Kg2 Rf2+ 41. Kg3 Rxb2 42. Nd4 Rd2 43. Nf5 Kf8 44. Nxe3 Rd3 45. Kf4 Bc8 46.
Bg6 Rxa3 47. h4 Ra2 48. h5 Rf2+ 49. Ke4 a5 50. Ke5 Re2 51. Kd4 a4 52. h6 a3 53.
h7 Kg7 54. Nf5+ Bxf5 55. Bxf5 a2 56. Kd3 Re8 0-1

[Event "113th YMCA Autumn C"]
[Site "Warszawa"]
[Date "2012.10.29"]
[Round "5"]
[White "Duda, Ryszard"]
[Black "Hacia, Damian"]
[Result "0-1"]
[WhiteElo "1647"]
[BlackElo "1627"]
[PlyCount "46"]
[EventDate "2012.09.18"]
[EventType "tourn"]
[EventRounds "1"]
[EventCountry "POL"]
[SourceDate "2012.09.18"]

1. e4 d5 2. exd5 Nf6 3. Nc3 Nxd5 4. Nxd5 Qxd5 5. d4 Bf5 6. Be3 Nc6 7. a3 O-O-O
8. Nf3 Bg4 9. Be2 e6 10. O-O h5 11. h3 Bf5 12. b4 f6 13. c3 g5 14. Nd2 g4 15.
hxg4 hxg4 16. Bxg4 Bxg4 17. Qxg4 Bd6 18. f4 Rdg8 19. Qf3 Ne7 20. Ne4 Qf5 21. c4
Rh3 22. Nxd6+ cxd6 23. Qf2 Qh5 0-1

[Event "113th YMCA Autumn C"]
[Site "Warszawa"]
[Date "2012.10.26"]
[Round "5"]
[White "Wilczynski, Adam"]
[Black "Blank, Kamil"]
[Result "0-1"]
[WhiteElo "1654"]
[BlackElo "1680"]
[Annotator "Admin"]
[PlyCount "166"]
[EventDate "2012.09.18"]
[EventType "tourn"]
[EventRounds "1"]
[EventCountry "POL"]
[SourceDate "2012.09.18"]

1. c4 e5 2. g3 Nf6 3. Bg2 Nc6 4. Nc3 Be7 5. Nf3 O-O 6. O-O d6 7. d3 h6 8. e4
Be6 9. h3 Qd7 10. Kh2 Nd4 11. Nxd4 exd4 12. Ne2 c5 13. f4 Qc7 14. f5 Bd7 15.
Nf4 b5 16. b3 Rab8 17. Bd2 bxc4 18. bxc4 Rb2 19. Bc1 Rb4 20. Nd5 Nxd5 21. exd5
Bf6 22. Qh5 Qd8 23. Bf4 Be5 24. Bxe5 dxe5 25. f6 gxf6 26. Qxh6 f5 27. Qd6 Rb6
28. Qxe5 Re8 29. Qf4 Re3 30. Rf3 Re2 31. Rf2 Re3 32. Bf1 Rg6 33. Rf3 Re7 34.
Rb1 Bc8 35. Qb8 Qe8 36. Qf4 Qa4 37. Qd2 Kg7 38. Bg2 Qe8 39. Rf2 Re3 40. Bf3 f4
41. gxf4 Bxh3 42. Rg1 Rxg1 43. Kxg1 Qb8 44. Bg2 Qb1+ 45. Rf1 Qxd3 46. Qxd3 Rxd3
47. d6 Bd7 48. Re1 Re3 49. Kf2 Rxe1 50. Kxe1 Kf6 51. Bd5 Be6 52. a3 Kf5 53. Ke2
Bd7 54. Bxf7 Kxf4 55. Bg6 Ke5 56. Kd3 Kxd6 57. Ke4 Be6 58. Kd3 Bh3 59. Bf7 Bf1+
60. Kd2 Ke5 61. Bd5 Kf4 62. Ke1 Bd3 63. Kd2 Bb1 64. Bf7 $11 Ke5 65. Kc1 Bf5 66.
Be8 Be6 67. Bb5 d3 68. Kd2 Kd4 69. Ba4 Bxc4 70. Bd1 Bb5 71. a4 Ba6 72. Bf3 c4
73. a5 c3+ 74. Kc1 Ke3 75. Bd1 Bb5 76. Bb3 Ke2 77. Bd1+ Ke1 78. Bc2 d2+ 79. Kb1
d1=Q+ 80. Bxd1 Kxd1 81. Ka2 c2 82. Kb3 c1=Q 83. a6 Qc4+ 0-1

[Event "113th YMCA Autumn C"]
[Site "Warszawa"]
[Date "2012.10.16"]
[Round "5"]
[White "Kwiek, Janusz"]
[Black "Kalhorn, Marcin"]
[Result "0-1"]
[WhiteElo "1669"]
[BlackElo "1625"]
[PlyCount "112"]
[EventDate "2012.09.18"]
[EventType "tourn"]
[EventRounds "1"]
[EventCountry "POL"]
[SourceDate "2012.09.18"]

1. Nf3 d6 2. d4 Bg4 3. e4 Nf6 4. Nc3 e6 5. h3 Bh5 6. Be2 Be7 7. O-O c6 8. Be3
O-O 9. Nd2 Bxe2 10. Qxe2 d5 11. e5 Nfd7 12. Nb3 c5 13. f4 b6 14. Rad1 Nc6 15.
Qf2 cxd4 16. Nxd4 Rc8 17. Nce2 Nc5 18. Nc3 Qc7 19. Nxc6 Qxc6 20. Rd2 b5 21. a3
a5 22. Qf3 b4 23. axb4 axb4 24. Nd1 Ne4 25. Re2 Qa4 26. c4 Rxc4 27. Nf2 Nxf2
28. Qxf2 Rfc8 29. f5 exf5 30. Qxf5 Qe8 31. e6 f6 32. Qxd5 Qd8 33. Rd1 Qxd5 34.
Rxd5 Re4 35. Kf2 Rxe6 36. Rb5 Re8 37. Bd2 Bc5+ 38. Kf3 Rxe2 39. Bxb4 Bxb4 40.
Rxb4 Kf7 41. Rb7+ Kg6 42. Kg3 Rc8 43. b4 Rcc2 44. b5 Rxg2+ 45. Kf3 Kf5 46. b6
Rgd2 47. Ke3 Rh2 48. Rxg7 Rxh3+ 49. Kd4 Rb3 50. b7 Rcb2 51. Rxh7 Rxb7 52. Rh1
Rb1 53. Rh2 Rd7+ 54. Kc3 Rc1+ 55. Kb2 Rc8 56. Rh3 Rb7+ 0-1

[Event "113th YMCA Autumn C"]
[Site "Warszawa"]
[Date "2012.10.16"]
[Round "5"]
[White "Baranowicz, Jan"]
[Black "Wrabel, Antoni"]
[Result "1/2-1/2"]
[WhiteElo "1652"]
[BlackElo "1686"]
[Annotator "Admin"]
[PlyCount "34"]
[EventDate "2012.09.18"]
[EventType "tourn"]
[EventRounds "1"]
[EventCountry "POL"]
[SourceDate "2012.09.18"]

1. e4 e5 2. f4 d5 3. exd5 exf4 4. Nf3 Bd6 5. d4 c6 6. dxc6 Nxc6 7. Be2 Nf6 8.
O-O O-O 9. Ne1 Qc7 10. c3 Bf5 11. Nd2 g5 12. Nc4 Be7 13. Nf3 Nd5 14. Nfe5 Nxe5
15. Nxe5 f6 16. Nd3 Bg6 17. Bf3 Rad8 $11 1/2-1/2

[Event "113th YMCA Autumn C"]
[Site "Warszawa"]
[Date "2012.10.23"]
[Round "6"]
[White "Kalhorn, Marcin"]
[Black "Baranowicz, Jan"]
[Result "0-1"]
[WhiteElo "1625"]
[BlackElo "1652"]
[PlyCount "66"]
[EventDate "2012.09.18"]
[EventType "tourn"]
[EventRounds "1"]
[EventCountry "POL"]
[SourceDate "2012.09.18"]

1. e4 c5 2. Nc3 Nc6 3. g3 g6 4. Bg2 Bg7 5. d3 d6 6. Be3 Rb8 7. Nge2 b5 8. Qd2
b4 9. Nd1 e6 10. O-O Nge7 11. f4 O-O 12. d4 cxd4 13. Nxd4 Qc7 14. Rf2 Rd8 15.
c3 d5 16. e5 a5 17. Bf1 Nxd4 18. cxd4 Qb6 19. Rc1 Bd7 20. b3 Rdc8 21. Qb2 Rxc1
22. Qxc1 Rc8 23. Rc2 Rxc2 24. Qxc2 f6 25. Kg2 Nf5 26. Bf2 Nxd4 27. Qb2 fxe5 28.
fxe5 Bxe5 29. Ne3 Nc6 30. Nxd5 exd5 31. Qxe5 Qxf2+ 32. Kxf2 Nxe5 33. h3 Kf7 0-1

[Event "113th YMCA Autumn C"]
[Site "Warszawa"]
[Date "2012.10.24"]
[Round "6"]
[White "Blank, Kamil"]
[Black "Kwiek, Janusz"]
[Result "1/2-1/2"]
[WhiteElo "1680"]
[BlackElo "1669"]
[PlyCount "91"]
[EventDate "2012.09.18"]
[EventType "tourn"]
[EventRounds "1"]
[EventCountry "POL"]
[SourceDate "2012.09.18"]

1. e4 c5 2. Nf3 Nc6 3. d4 cxd4 4. Nxd4 g6 5. Nc3 Bg7 6. Nxc6 bxc6 7. Bc4 d6 8.
O-O Nh6 9. h3 O-O 10. Ne2 Rb8 11. c3 Kh8 12. Re1 Ng8 13. Qc2 Qc7 14. Be3 Nf6
15. Rad1 c5 16. Nf4 Qb7 17. Bc1 Bd7 18. e5 Bf5 19. Bd3 Bxd3 20. Nxd3 Nd5 21.
exd6 exd6 22. Nf4 Nxf4 23. Bxf4 Qxb2 24. Qxb2 Rxb2 25. Bxd6 Rc8 26. Bxc5 Bxc3
27. Bxa7 Rxa2 28. Bd4+ Bxd4 29. Rxd4 Rcc2 30. Rf4 f5 31. g4 fxg4 32. hxg4 Kg7
33. Kg2 Rc7 34. Rh1 h6 35. Rh3 Raa7 36. Rhf3 Rf7 37. Rxf7+ Rxf7 38. Rxf7+ Kxf7
39. Kg3 Ke6 40. Kf4 Kf6 41. g5+ hxg5+ 42. Kg4 Kf7 43. Kxg5 Kg7 44. f4 Kf7 45.
f5 gxf5 46. Kxf5 1/2-1/2

[Event "113th YMCA Autumn C"]
[Site "Warszawa"]
[Date "2012.11.08"]
[Round "6"]
[White "Hacia, Damian"]
[Black "Wilczynski, Adam"]
[Result "0-1"]
[WhiteElo "1627"]
[BlackElo "1654"]
[PlyCount "84"]
[EventDate "2012.09.18"]
[EventType "tourn"]
[EventRounds "1"]
[EventCountry "POL"]
[SourceDate "2012.09.18"]

1. f4 d5 2. Nf3 g6 3. e3 Bg7 4. Be2 c5 5. c3 Nc6 6. O-O Nf6 7. d4 b6 8. Bb5 Bb7
9. Ne5 Rc8 10. Qa4 Qc7 11. Nd2 O-O 12. Ndf3 Ne4 13. Bd3 f6 14. Bxe4 Nxe5 15.
fxe5 dxe4 16. exf6 exf6 17. Nd2 f5 18. Qb3+ Kh8 19. Re1 Rfd8 20. Nf1 Qc6 21.
Bd2 Ba6 22. Ng3 Bd3 23. Ne2 a5 24. Nf4 a4 25. Qe6 Rd6 26. Qf7 Rc7 27. d5 Rxf7
28. dxc6 Rc7 29. Red1 Rcxc6 30. Be1 c4 31. Bg3 Rd8 32. a3 Bf6 33. h4 Kg8 34.
Bf2 Kf7 35. Kh2 Rcd6 36. Rd2 Be5 37. Bg3 h6 38. Kh3 g5 39. Nxd3 Bxg3 40. Kxg3
Rxd3 41. Rf2 Rxe3+ 42. Kh2 Ke6 0-1

[Event "113th YMCA Autumn C"]
[Site "Warszawa"]
[Date "2012.10.31"]
[Round "6"]
[White "Sokur, Ivan"]
[Black "Duda, Ryszard"]
[Result "0-1"]
[WhiteElo "1593"]
[BlackElo "1647"]
[PlyCount "66"]
[EventDate "2012.09.18"]
[EventType "tourn"]
[EventRounds "1"]
[EventCountry "POL"]
[SourceDate "2012.09.18"]

1. d4 d5 2. c4 Nf6 3. Nc3 g6 4. Nf3 Bg7 5. Bg5 O-O 6. Bxf6 Bxf6 7. Nxd5 Bg7 8.
e3 c5 9. Be2 cxd4 10. Nxd4 e6 11. Nc3 Qb6 12. Nb3 Rd8 13. Qc2 Nc6 14. a3 Na5
15. Nxa5 Qxa5 16. b4 Qe5 17. Rc1 b6 18. Bf3 Rb8 19. O-O Bb7 20. Bxb7 Rxb7 21.
Qe4 Qb8 22. Ne2 Rbd7 23. a4 Rd2 24. Nf4 Bf8 25. c5 bxc5 26. bxc5 Qb2 27. Rb1
Qc3 28. c6 Rc2 29. Nxe6 Re8 30. Rb7 Rxe6 31. Qf4 Rf6 32. Qd4 Qxc6 33. Qxa7
Rcxf2 0-1

[Event "113th YMCA Autumn C"]
[Site "Warszawa"]
[Date "2012.10.23"]
[Round "6"]
[White "Rodak, Przemyslaw"]
[Black "Budrewicz, Henryk"]
[Result "1-0"]
[WhiteElo "1614"]
[BlackElo "1619"]
[PlyCount "89"]
[EventDate "2012.09.18"]
[EventType "tourn"]
[EventRounds "1"]
[EventCountry "POL"]
[SourceDate "2012.09.18"]

1. d4 e6 2. c4 c5 3. d5 exd5 4. cxd5 d6 5. e4 g6 6. Bd3 Bg7 7. Nf3 Ne7 8. O-O
O-O 9. Nc3 a6 10. Rb1 b5 11. Bf4 Bg4 12. h3 Bxf3 13. Qxf3 f5 14. Qg3 fxe4 15.
Bxe4 Nc8 16. Bf3 Qf6 17. Ne2 h6 18. Bg4 g5 19. Bd2 Ne7 20. Bc3 Qg6 21. Be6+ Kh8
22. Bxg7+ Kxg7 23. Qxd6 Qf6 24. Ng3 Kg6 25. Qc7 Nbc6 26. dxc6 Qxe6 27. Rbe1
Qxc6 28. Rxe7 Qxc7 29. Rxc7 c4 30. Rd1 Rf7 31. Rd6+ Rf6 32. Rcc6 Rxd6 33. Rxd6+
Kf7 34. Rxh6 a5 35. Ne4 Kg7 36. Rb6 Re8 37. f3 Re5 38. Kf2 Rd5 39. Ke2 Re5 40.
Ke3 Rd5 41. Rd6 Re5 42. Kd4 Rf5 43. Rd5 Kg6 44. Rxf5 Kxf5 45. g3 1-0

[Event "113th YMCA Autumn C"]
[Site "Warszawa"]
[Date "2012.10.30"]
[Round "7"]
[White "Budrewicz, Henryk"]
[Black "Kokoszczynski, Jan"]
[Result "0-1"]
[WhiteElo "1619"]
[BlackElo "1584"]
[PlyCount "88"]
[EventDate "2012.09.18"]
[EventType "tourn"]
[EventRounds "1"]
[EventCountry "POL"]
[SourceDate "2012.09.18"]

1. d4 d5 2. Bf4 Nf6 3. e3 Bf5 4. Nf3 e6 5. Bd3 Bg6 6. O-O Be7 7. Ne5 Nbd7 8.
Nxg6 hxg6 9. h3 O-O 10. Nd2 c5 11. c3 c4 12. Bc2 b5 13. e4 b4 14. e5 Ne8 15.
Qg4 bxc3 16. bxc3 Qa5 17. Qf3 Rb8 18. Rfb1 Nc7 19. a4 Rb6 20. Rxb6 axb6 21. Rb1
b5 22. Nf1 bxa4 23. Ra1 Nb6 24. Bd2 Nb5 25. Ng3 Nxd4 26. cxd4 Qxd2 27. Qd1
Qxd1+ 28. Bxd1 Ra8 29. Ne2 a3 30. Ra2 Bb4 31. f4 Na4 32. Bxa4 Rxa4 33. Kf2 Kf8
34. Ke3 Ke8 35. g4 Kd7 36. Ng3 Kc6 37. Ne2 Ra5 38. g5 Kb5 39. Nc1 Bc3 40. Ne2
Bb2 41. Kd2 Kb4 42. Kc2 Ra8 43. Rxb2+ axb2 44. Kxb2 Rh8 0-1

[Event "113th YMCA Autumn C"]
[Site "Warszawa"]
[Date "2012.10.30"]
[Round "7"]
[White "Duda, Ryszard"]
[Black "Rodak, Przemyslaw"]
[Result "1/2-1/2"]
[WhiteElo "1647"]
[BlackElo "1614"]
[PlyCount "99"]
[EventDate "2012.09.18"]
[EventType "tourn"]
[EventRounds "1"]
[EventCountry "POL"]
[SourceDate "2012.09.18"]

1. Nf3 d5 2. d4 Nf6 3. c4 c6 4. e3 Bg4 5. Nc3 e6 6. cxd5 exd5 7. h3 Bh5 8. Be2
Bd6 9. a3 O-O 10. b4 a6 11. Bb2 Re8 12. O-O Bc7 13. Rc1 Ne4 14. Ne5 Bg6 15.
Nxg6 fxg6 16. Nxe4 dxe4 17. Bc4+ Kh8 18. Qg4 Qd6 19. g3 Nd7 20. Rfd1 Nf6 21.
Qg5 Rad8 22. d5 Nxd5 23. Bxd5 cxd5 24. Rc5 Qe7 25. Qxe7 Rxe7 26. Rcxd5 Rxd5 27.
Rxd5 Kg8 28. Bd4 b6 29. Kg2 Kf7 30. Bb2 h6 31. Kf1 Ke6 32. Rd4 Kf7 33. Rd5 Ke6
34. Rd2 Be5 35. Bxe5 Kxe5 36. Ke2 Rc7 37. Rb2 Rc3 38. Ra2 Rc1 39. Kd2 Rf1 40.
Kc3 g5 41. a4 Rh1 42. Kc4 Rc1+ 43. Kb3 Rh1 44. Rc2 Kd5 45. Rd2+ Ke5 46. Rd7
Rb1+ 47. Kc4 Rc1+ 48. Kb3 Rb1+ 49. Kc4 Rc1+ 50. Kb3 1/2-1/2

[Event "113th YMCA Autumn C"]
[Site "Warszawa"]
[Date "2012.09.25"]
[Round "7"]
[White "Wilczynski, Adam"]
[Black "Sokur, Ivan"]
[Result "1-0"]
[WhiteElo "1654"]
[BlackElo "1593"]
[Annotator "Admin"]
[PlyCount "96"]
[EventDate "2012.09.18"]
[EventType "tourn"]
[EventRounds "1"]
[EventCountry "POL"]
[SourceDate "2012.09.18"]

1. Nf3 e6 2. c4 c5 3. g3 Nc6 4. Bg2 Nf6 5. Nc3 a6 6. O-O Rb8 7. d4 cxd4 8. Nxd4
Bc5 9. Nb3 Bb4 10. Qc2 Na5 11. Bf4 Ra8 12. Nd2 O-O 13. a3 Be7 14. b4 Nc6 15.
Nb3 Nh5 16. Be3 f5 17. Na4 f4 18. Bb6 Qe8 19. Be4 g6 20. Rad1 d6 21. Nd4 Nxd4
22. Bxd4 e5 23. Bb2 Nf6 24. Bg2 Bd7 25. Nb6 Rb8 26. Nxd7 Nxd7 27. Qd3 b6 28.
Bc6 a5 29. Qd5+ Rf7 30. Qb5 Bf8 31. Bd5 axb4 32. axb4 Rc8 33. Rd2 Kg7 34. Bxf7
Qxf7 35. Qd5 Rxc4 36. Qxf7+ Kxf7 37. Ba3 Ke6 38. Rc1 Re4 39. f3 Re3 40. Bb2
fxg3 41. hxg3 Rb3 42. Rc4 Bh6 43. Rdc2 b5 44. Rh4 Be3+ 45. Kg2 h6 46. Bc1 h5
47. Bxe3 Rxe3 48. Kf2 Rb3 $138 1-0

[Event "113th YMCA Autumn C"]
[Site "Warszawa"]
[Date "2012.09.18"]
[Round "7"]
[White "Kwiek, Janusz"]
[Black "Hacia, Damian"]
[Result "1-0"]
[WhiteElo "1669"]
[BlackElo "1627"]
[PlyCount "93"]
[EventDate "2012.09.18"]
[EventType "tourn"]
[EventRounds "1"]
[EventCountry "POL"]
[SourceDate "2012.09.18"]

1. Nf3 c5 2. e4 d6 3. d4 cxd4 4. Nxd4 g6 5. Bb5+ Bd7 6. Qd3 Bg7 7. Nc3 Nf6 8.
Be3 O-O 9. O-O a6 10. Bxd7 Nbxd7 11. f3 Ne5 12. Qe2 Rc8 13. Rab1 Nc4 14. Rfc1
Nxe3 15. Qxe3 Qb6 16. Nf5 Qxe3+ 17. Nxe3 Nd7 18. Ncd5 Rfe8 19. c3 e6 20. Nb4
Nc5 21. Rd1 Red8 22. Kf2 Bh6 23. Nc4 Bf8 24. Ne3 Bh6 25. Nd3 Bxe3+ 26. Kxe3
Nxd3 27. Rxd3 Kf8 28. Rbd1 Ke7 29. f4 f5 30. h3 fxe4 31. Kxe4 d5+ 32. Ke3 Rc4
33. Rd4 Rxd4 34. Rxd4 Kf6 35. c4 Ke7 36. cxd5 Rxd5 37. Rxd5 exd5 38. Kd4 Ke6
39. g4 h5 40. a4 Kd6 41. b4 b6 42. b5 axb5 43. axb5 h4 44. f5 gxf5 45. gxf5 Ke7
46. Kxd5 Kf6 47. Ke4 1-0

[Event "113th YMCA Autumn C"]
[Site "Warszawa"]
[Date "2012.10.30"]
[Round "7"]
[White "Baranowicz, Jan"]
[Black "Blank, Kamil"]
[Result "1-0"]
[WhiteElo "1652"]
[BlackElo "1680"]
[PlyCount "93"]
[EventDate "2012.09.18"]
[EventType "tourn"]
[EventRounds "1"]
[EventCountry "POL"]
[SourceDate "2012.09.18"]

1. e4 c5 2. Nf3 d6 3. d4 cxd4 4. Nxd4 Nf6 5. Nc3 g6 6. Be3 Bg7 7. f3 O-O 8. Qd2
Nc6 9. O-O-O d5 10. Kb1 Nxd4 11. e5 Nxf3 12. gxf3 Nd7 13. Nxd5 Bxe5 14. Bg5 Re8
15. Bb5 f6 16. Bh6 Kh8 17. f4 Bb8 18. h4 a6 19. Nxf6 exf6 20. Bxd7 Bxd7 21.
Qxd7 Qxd7 22. Rxd7 b5 23. a4 Ra7 24. Rhd1 Rxd7 25. Rxd7 bxa4 26. Ka2 Rg8 27.
Ka3 g5 28. fxg5 fxg5 29. hxg5 Rg6 30. Kxa4 Bf4 31. Rd8+ Rg8 32. Rxg8+ Kxg8 33.
Ka5 Kf7 34. c4 Ke6 35. Kxa6 Kd6 36. b4 Kc6 37. g6 Bxh6 38. gxh7 Bg7 39. b5+ Kc7
40. b6+ Kb8 41. Kb5 Bd4 42. Kc6 Kc8 43. c5 Kb8 44. Kd7 Bxc5 45. h8=Q+ Kb7 46.
Qc8+ Kxb6 47. Qc6+ 1-0

[Event "113th YMCA Autumn C"]
[Site "Warszawa"]
[Date "2012.10.30"]
[Round "7"]
[White "Wrabel, Antoni"]
[Black "Kalhorn, Marcin"]
[Result "1-0"]
[WhiteElo "1686"]
[BlackElo "1625"]
[PlyCount "147"]
[EventDate "2012.09.18"]
[EventType "tourn"]
[EventRounds "1"]
[EventCountry "POL"]
[SourceDate "2012.09.18"]

1. e4 c6 2. d4 d5 3. exd5 cxd5 4. Bd3 Nc6 5. c3 Qc7 6. Ne2 Bg4 7. f3 Bd7 8. Bf4
e5 9. Bg3 Bd6 10. Nd2 Nge7 11. Nb3 Rd8 12. Rc1 h5 13. Bf2 h4 14. h3 Bf5 15. O-O
Kf8 16. Bxf5 Nxf5 17. Qd3 g6 18. Rfd1 a6 19. dxe5 Bxe5 20. Nbd4 Bh2+ 21. Kf1
Ne5 22. Qc2 Ne7 23. b3 N5c6 24. Qd2 Nxd4 25. Qxd4 Be5 26. Qg4 Nf5 27. f4 Bf6
28. Nd4 Rh5 29. Ne2 Qa5 30. Rc2 b5 31. Qf3 Ne7 32. Bc5 Kg7 33. Nd4 Qc7 34. Bxe7
Bxe7 35. f5 Qg3 36. fxg6 Qxf3+ 37. Nxf3 Kxg6 38. Re2 Bd6 39. Rd4 Bg3 40. Rg4+
Kf6 41. Nd4 Rc8 42. Re3 Rc7 43. Ke2 Re5 44. Rxe5 Kxe5 45. Kd3 Bf2 46. Nf3+ Kf5
47. Nxh4+ Bxh4 48. Rxh4 Re7 49. Rh5+ Ke6 50. Kd4 Rd7 51. Re5+ Kf6 52. Rxd5 Re7
53. Rd6+ Kg5 54. g4 Re2 55. Rxa6 Rh2 56. Ra5 Rxh3 57. Rxb5+ Kxg4 58. Rb7 f5 59.
Rg7+ Kf3 60. a4 f4 61. a5 Kf2 62. a6 f3 63. Rg8 Rh7 64. b4 Kf1 65. Rf8 Ke2 66.
b5 f2 67. b6 Rh4+ 68. Kc5 Rh5+ 69. Kb4 Rh4+ 70. c4 f1=Q 71. Rxf1 Kxf1 72. a7
Rh2 73. a8=Q Rb2+ 74. Kc5 1-0

[Event "113th YMCA Autumn C"]
[Site "Warszawa"]
[Date "2012.11.06"]
[Round "8"]
[White "Blank, Kamil"]
[Black "Wrabel, Antoni"]
[Result "0-1"]
[WhiteElo "1680"]
[BlackElo "1686"]
[PlyCount "52"]
[EventDate "2012.09.18"]
[EventType "tourn"]
[EventRounds "1"]
[EventCountry "POL"]
[SourceDate "2012.09.18"]

1. e4 e5 2. Bc4 Nf6 3. d3 Bc5 4. Nc3 c6 5. Na4 Be7 6. Bb3 O-O 7. f4 exf4 8.
Bxf4 d6 9. Nf3 b5 10. Nc3 Qb6 11. Qd2 a5 12. a3 Nbd7 13. O-O-O a4 14. Ba2 b4
15. axb4 Qxb4 16. e5 dxe5 17. Nxe5 Nxe5 18. Bxe5 Nd7 19. Bg3 Bf6 20. Qf4 Bxc3
21. bxc3 Qa3+ 22. Kb1 Rb8+ 23. Qxb8 Nxb8 24. Bxb8 Be6 25. Bxe6 Rxb8+ 26. Bb3
axb3 0-1

[Event "113th YMCA Autumn C"]
[Site "Warszawa"]
[Date "2012.11.06"]
[Round "8"]
[White "Hacia, Damian"]
[Black "Baranowicz, Jan"]
[Result "0-1"]
[WhiteElo "1627"]
[BlackElo "1652"]
[PlyCount "54"]
[EventDate "2012.09.18"]
[EventType "tourn"]
[EventRounds "1"]
[EventCountry "POL"]
[SourceDate "2012.09.18"]

1. e4 c5 2. f4 d5 3. exd5 Nf6 4. c4 e6 5. dxe6 Bxe6 6. Nf3 Nc6 7. Be2 Nd4 8.
O-O Be7 9. Kh1 Qd6 10. Nc3 Qxf4 11. d3 Qd6 12. Nxd4 Qxd4 13. Nb5 Qd7 14. Bf4
O-O 15. Nc7 Rad8 16. Nxe6 Qxe6 17. Rf3 h6 18. Re3 Qd7 19. Rg3 Bd6 20. Bxd6 Qxd6
21. Qf1 Rfe8 22. Qf3 Re6 23. Rf1 Rde8 24. Bd1 b6 25. Qf5 Re5 26. Qf4 Re1 27.
Rgf3 Rxf1+ 0-1

[Event "113th YMCA Autumn C"]
[Site "Warszawa"]
[Date "2012.10.23"]
[Round "8"]
[White "Sokur, Ivan"]
[Black "Kwiek, Janusz"]
[Result "0-1"]
[WhiteElo "1593"]
[BlackElo "1669"]
[PlyCount "90"]
[EventDate "2012.09.18"]
[EventType "tourn"]
[EventRounds "1"]
[EventCountry "POL"]
[SourceDate "2012.09.18"]

1. d4 Nf6 2. c4 e6 3. Nc3 Bb4 4. Bg5 h6 5. Bxf6 Qxf6 6. Nf3 O-O 7. Qc2 Nc6 8.
e3 d5 9. a3 Bxc3+ 10. bxc3 b6 11. cxd5 exd5 12. Bb5 Bb7 13. O-O a6 14. Bxc6
Qxc6 15. Ne5 Qe6 16. Rfc1 c5 17. Rab1 cxd4 18. cxd4 Rfc8 19. Qb2 Rxc1+ 20. Rxc1
Rc8 21. Rb1 f6 22. Nd3 Rc6 23. Qa2 Rc4 24. h3 Qc6 25. Qb2 b5 26. Nc5 Bc8 27.
Qd2 Bf5 28. Rb2 Qb6 29. f3 a5 30. g4 Bg6 31. h4 b4 32. a4 Qd6 33. f4 Rc3 34.
Kg2 Qe7 35. f5 Be8 36. Kf3 h5 37. gxh5 Bxh5+ 38. Kf2 Bg4 39. Rc2 Rxc2 40. Qxc2
Qc7 41. Kg2 Qc8 42. e4 dxe4 43. Qxe4 Qxf5 44. Qe8+ Kh7 45. Ne4 Bf3+ 0-1

[Event "113th YMCA Autumn C"]
[Site "Warszawa"]
[Date "2012.11.06"]
[Round "8"]
[White "Rodak, Przemyslaw"]
[Black "Wilczynski, Adam"]
[Result "1-0"]
[WhiteElo "1614"]
[BlackElo "1654"]
[PlyCount "107"]
[EventDate "2012.09.18"]
[EventType "tourn"]
[EventRounds "1"]
[EventCountry "POL"]
[SourceDate "2012.09.18"]

1. d4 Nf6 2. c4 e6 3. Nc3 Bb4 4. Qb3 c5 5. Nf3 Nc6 6. dxc5 Ne4 7. Bd2 Nxd2 8.
Nxd2 Bxc5 9. e3 O-O 10. Be2 f5 11. O-O b6 12. Rfd1 Bb7 13. Nf3 Be7 14. Rd2 Qc8
15. Rad1 Na5 16. Qc2 d6 17. Nb5 d5 18. cxd5 Bxd5 19. Nc7 Be4 20. Qc1 Rb8 21.
Rd7 Bf6 22. b4 Bc6 23. Ba6 Bb7 24. Bxb7 Nxb7 25. Nxe6 Qxc1 26. Rxc1 Rf7 27.
Rcc7 Rxd7 28. Rxd7 Nd8 29. Nxd8 Rxd8 30. Rxd8+ Bxd8 31. Nd4 Be7 32. b5 g6 33.
Nc6 Bc5 34. Nxa7 Kf7 35. Kf1 Ke6 36. Ke2 Kd5 37. Kd3 Ba3 38. f3 Bd6 39. h3 Bc7
40. Nc6 Kc5 41. a4 Bd6 42. e4 fxe4+ 43. fxe4 Bf8 44. Nb8 Kb4 45. Nd7 Be7 46.
Nxb6 Bd8 47. Nd7 Kxa4 48. Kc4 Ka5 49. Kc5 Be7+ 50. Kc6 h5 51. b6 Bh4 52. b7 Bg3
53. e5 Bxe5 54. Nxe5 1-0